000 01331cam a22003737a 4500
003 CHAP
005 20220329142246.0
008 000404d1998 mx r 00010 spa d
010 _a80678
011 _a81650
020 _a9688174181
035 _a92125
040 _cCHAP
082 0 4 _a574.52
_bM4
110 0 _aMéxico. Secretaría de Medio Ambiente, Recursos Naturales y Pesca
_977201
245 1 0 _aPrograma de trabajo
_c/por Secretaría de Medio Ambiente, Recursos Naturales y Pesca
260 _aMéxico, D.F. :
_bSecretaría de Medio Ambiente, Recursos Naturales y Pesca,
_c1998
300 _av.
500 _aLa biblioteca tiene : 1997, 1998
590 _aBATCH-UPD
_b10
_c20130110
_lUCH01
_h1549
590 _aBATCH-UPD
_b10
_c20130410
_lUCH01
_h0948
590 _aBATCH-UPD
_b10
_c20130914
_lUCH01
_h0626
590 _aBATCH-UPD
_b10
_c20161124
_lUCH01
_h1711
590 _aCONVERSION
_b10
_c20130109
_lUCH01
_h1345
650 1 4 _aBienestar social.
_912635
650 1 4 _aMedio ambiente.
_974065
650 1 4 _aPesca
_xMéxico.
_987403
651 4 _aMéxico
_xPolítica y gobierno.
_976783
901 _aBK
905 _aMarco A. Mendoza T.
942 _cLIBRO
949 _a574.52 M4 1997
_bBC
_cLIBRO
_d33724000774378
_eLIBRO
_h96722
_i92125
_si
949 _a574.52 M4 1998
_bBC
_cLIBRO
_d33724000774360
_eLIBRO
_h96723
_i92125
_si
999 _c80678
_d80678